000 00428nam a2200157 a 4500
001 16492
005 20180713205436.0
008 140415s1975 000 0 spa d
041 _aspa
082 _a377.0711
_bMIG
100 1 _aMIGOYA, FRANCISCO
245 1 3 _aLA UNIVERSIDAD CATOLICA EN UN NUEVO HORIZONTE
260 _a[s.l.] :
_bJUS,
_c1975
300 _a99
650 1 4 _aEDUCACION CATOLICA
_xUNIVERSIDADES
999 _c16492
_d16492